[Event "64.Camp. Veneto Quarti di Finale"]
[Site "Arquà Petrarca ITA"]
[Date "2004.05.08"]
[Round "1.10"]
[White "Danieli, Enrico"]
[Black "Baldi, Giancarlo"]
[Result "1-0"]
[WhiteElo "2103"]
[BlackElo "1721"]
[Annotator "Gabriele Ballarin"]
[PlyCount "133"]
[EventDate "2004.05.08"]
[EventType "swiss"]
[EventRounds "6"]
[EventCountry "ITA"]

1. d4 Nf6 2. Nf3 g6 3. Nc3 d5 4. Bf4 a6 5. e3 Bg7 6. Be2 O-O 7. Ne5 Nbd7 8. h4 c5 9. h5 Nxe5 10. dxe5 Nd7 11. hxg6 hxg6 12. Qxd5 Nxe5 13. Bxe5 Qxd5 14. Nxd5 Bxe5 15. Nxe7+ Kg7 16. Nxc8 Raxc8 17. O-O-O Rcd8 18. Bf3 b6 19. Bd5 a5 20. c4 Bf6 21. Kc2 Rd6 22. Rd3 Rfd8 23. f4 g5 24. fxg5 Bxg5 25. Rf1 R8d7 26. Rf5 Bf6 27. e4 Bd4 28. Rdf3 Rf6 29. Rg3+ Kf8 30. Rxf6 Bxf6 31. Rf3 Be5 32. Kb3 f6 33. Ka4 Rd8 34. b3 Kg7 35. Kb5 Rb8 36. Rh3 Bd6 37. Rh4 Be5 38. Rg4+ Kh8 39. a4 Kh7 40. Be6 Bd6 41. Bf5+ Kh8 42. Rh4+ Kg8 43. Rh7 Be5 44. Rd7 Bc3 45. Rc7 Kh8 46. Rd7 Kg8 47. Kc6 Be5 48. g4 Bf4 49. Be6+ Kh8 50. Bd5 Be5 51. Kb5 Bc3 52. Ka6 Bb4 53. Ka7 Rc8 54. Kxb6 Rb8+ 55. Kc7 Re8 56. Rf7 Bc3 57. Kb6 Rb8+ 58. Bb7 Rg8 59. Kxc5 Rxg4 60. Kd6 Rg5 61. Bd5 Rg8 62. c5 Rd8+ 63. Kc7 Re8 64. c6 Be5+ 65. Kd7 Ra8 66. c7 Ra7 67. Kd8 1-0

[Event "64.Camp. Veneto Quarti di Finale"]
[Site "Arquà Petrarca ITA"]
[Date "2004.05.08"]
[Round "1.11"]
[White "Quaranta, Gaetano"]
[Black "Lavric, Mihail"]
[Result "0-1"]
[WhiteElo "1718"]
[BlackElo "2100"]
[Annotator "Gabriele Ballarin"]
[PlyCount "70"]
[EventDate "2004.05.08"]
[EventType "swiss"]
[EventRounds "6"]
[EventCountry "ITA"]

1. e4 c5 2. d4 cxd4 3. c3 d5 4. exd5 Qxd5 5. cxd4 Nc6 6. Nf3 Bg4 7. Be2 e6 8. Nc3 Qa5 9. O-O Nf6 10. Bf4 Be7 11. Ne5 Bxe2 12. Nxc6 bxc6 13. Qxe2 O-O 14. Rfd1 Nd5 15. Bd2 Qb6 16. Nxd5 cxd5 17. Bc3 Bf6 18. Rac1 Rfc8 19. a3 Rc4 20. Qg4 Rac8 21. Rb1 h6 22. h3 e5 23. Qd7 exd4 24. Bd2 Rd8 25. Qf5 Qe6 26. Qd3 Qe4 27. Qg3 Kh7 28. Ba5 Rdc8 29. Bd2 Rc2 30. Re1 Qf5 31. Red1 Rxd2 32. Rbc1 Rcc2 33. Rf1 Be5 34. Qh4 Qf4 35. Qe7 Qh2# 0-1

[Event "64.Camp. Veneto Quarti di Finale"]
[Site "Arquà Petrarca ITA"]
[Date "2004.05.08"]
[Round "1.12"]
[White "Bonafede, Alessandro"]
[Black "Abazi, Rhui"]
[Result "1-0"]
[WhiteElo "2083"]
[BlackElo "1700"]
[Annotator "Gabriele Ballarin"]
[PlyCount "97"]
[EventDate "2004.05.08"]
[EventType "swiss"]
[EventRounds "6"]
[EventCountry "ITA"]

1. e4 g6 2. d4 d6 3. Nc3 Bg7 4. Bg5 Nf6 5. Qd2 Nc6 6. f4 h6 7. Bh4 Nh7 8. Nf3 Bd7 9. a3 f6 10. d5 Nb8 11. Bc4 g5 12. Bg3 Nf8 13. O-O-O Ng6 14. h4 gxf4 15. Bxf4 Nxf4 16. Qxf4 h5 17. Kb1 c6 18. Qg3 Bg4 19. Nd4 Qd7 20. Ne6 Bh6 21. Rhf1 Na6 22. e5 fxe5 23. Bd3 Bxe6 24. Qg6+ Kd8 25. dxe6 Qe8 26. Rf7 Bf4 27. g3 Rg8 28. Qxh5 Bxg3 29. Bh7 Rh8 30. Rg1 Bf2 31. Rgg7 Nc5 32. Qg4 Bd4 33. Qf5 e4 34. Rxe7 Bxg7 35. Rxe8+ Rxe8 36. Nxe4 Nxe4 37. Qxe4 Re7 38. Qf5 Kc7 39. Qg5 Kd8 40. h5 Rc8 41. h6 Be5 42. Bg8 Rcc7 43. Bf7 Rc8 44. h7 a6 45. Qxe5 dxe5 46. h8=Q+ Kc7 47. Qxe5+ Kb6 48. Qd4+ c5 49. Qd6+ 1-0

[Event "64.Camp. Veneto Quarti di Finale"]
[Site "Arquà Petrarca ITA"]
[Date "2004.05.08"]
[Round "1.13"]
[White "Chiesa, Roberto"]
[Black "Solinas, Carlo"]
[Result "0-1"]
[WhiteElo "1700"]
[BlackElo "2072"]
[Annotator "Gabriele Ballarin"]
[PlyCount "107"]
[EventDate "2004.05.08"]
[EventType "swiss"]
[EventRounds "6"]
[EventCountry "ITA"]

1. d4 Nf6 2. c4 g6 3. Nc3 Bg7 4. e4 d6 5. f4 O-O 6. Nf3 c5 7. Be2 cxd4 8. Nxd4 Nc6 9. Be3 Bd7 10. O-O Rc8 11. f5 Ne5 12. b3 Bc6 13. Nxc6 bxc6 14. Rc1 Qa5 15. Bd4 Rfd8 16. fxg6 hxg6 17. Qe1 Bh6 18. Rc2 Neg4 19. Bxg4 Nxg4 20. Qg3 e5 21. Bf2 Nxf2 22. Qxf2 Qc7 23. Re2 Rf8 24. Kh1 f5 25. Qe1 f4 26. Qh4 Kg7 27. Rf3 g5 28. Qg4 Rf7 29. Ref2 Qd7 30. Qxd7 Rxd7 31. g4 Kf7 32. Kg2 Ke6 33. Rd3 Bf8 34. Rh3 Rcc7 35. Kf3 Rh7 36. Rxh7 Rxh7 37. Kg2 Be7 38. Rf3 Rh4 39. h3 Bd8 40. a3 Bb6 41. b4 Rh8 42. Rd3 Bd4 43. Ne2 Be3 44. b5 cxb5 45. cxb5 Rc8 46. Nc3 Bd4 47. Nd5 Rc2+ 48. Kf1 Rc5 49. a4 Rxd5 50. exd5+ Kxd5 51. a5 Kc5 52. b6 axb6 53. a6 Kc6 54. a7 0-1

[Event "64.Camp. Veneto Quarti di Finale"]
[Site "Arquà Petrarca ITA"]
[Date "2004.05.08"]
[Round "1.14"]
[White "Gennari, Leone"]
[Black "Franco, Leopoldo"]
[Result "1-0"]
[WhiteElo "2068"]
[BlackElo "1700"]
[Annotator "Gabriele Ballarin"]
[PlyCount "62"]
[EventDate "2004.05.08"]
[EventType "swiss"]
[EventRounds "6"]
[EventCountry "ITA"]

1. d4 e6 2. c4 d5 3. Nc3 c6 4. Nf3 g6 5. Bf4 Nd7 6. e3 Bg7 7. Rc1 Ne7 8. cxd5 Nxd5 9. Nxd5 cxd5 10. Qd2 O-O 11. Bd3 f5 12. O-O Re8 13. Rc2 e5 14. dxe5 Nxe5 15. Bxe5 Bxe5 16. Nxe5 Rxe5 17. Rfc1 Re8 18. Bb5 Rf8 19. Qd4 a6 20. Ba4 Be6 21. h3 Rc8 22. Bb3 Rxc2 23. Rxc2 Qf6 24. Bxd5 Bxd5 25. Qxd5+ Rf7 26. Rc7 Kg7 27. Rxb7 Rxb7 28. Qxb7+ Kh6 29. g3 a5 30. Kg2 g5 31. b3 Kg6 {Nur} 1-0

[Event "64.Camp. Veneto Quarti di Finale"]
[Site "Arquà Petrarca ITA"]
[Date "2004.05.08"]
[Round "1.15"]
[White "Tescaro, Stefano"]
[Black "Quaranta, Cristiano"]
[Result "0-1"]
[WhiteElo "1700"]
[BlackElo "2031"]
[Annotator "Gabriele Ballarin"]
[PlyCount "48"]
[EventDate "2004.05.08"]
[EventType "swiss"]
[EventRounds "6"]
[EventCountry "ITA"]

1. d4 d5 2. Nf3 c5 3. c3 Nf6 4. Bf4 Bg4 5. Nbd2 Nc6 6. e3 e6 7. Be2 Be7 8. h3 Bh5 9. O-O O-O 10. Ne5 Bxe2 11. Qxe2 Qb6 12. Rab1 Rac8 13. Bg5 cxd4 14. exd4 Qc7 15. f4 a6 16. a4 Ne8 17. Ndf3 Nd6 18. Nxc6 bxc6 19. Bxe7 Qxe7 20. Qxa6 Nc4 21. Ne5 Nd2 22. Nxc6 Qd6 23. Qd3 Nxb1 24. Ne5 Na3 0-1

[Event "64.Camp. Veneto Quarti di Finale"]
[Site "Arquà Petrarca ITA"]
[Date "2004.05.08"]
[Round "1.17"]
[White "D'Elia, Alessandro"]
[Black "Bdair, Bilal"]
[Result "1-0"]
[WhiteElo "1688"]
[BlackElo "1999"]
[Annotator "Gabriele Ballarin"]
[PlyCount "121"]
[EventDate "2004.05.08"]
[EventType "swiss"]
[EventRounds "6"]
[EventCountry "ITA"]

1. d4 Nf6 2. c4 c5 3. Nf3 cxd4 4. Nxd4 Nc6 5. Nxc6 bxc6 6. Nc3 g6 7. b3 Bg7 8. Bb2 O-O 9. g3 Qa5 10. Bg2 d5 11. O-O Rd8 12. Qe1 e6 13. Nxd5 Qxe1 14. Ne7+ Kf8 15. Rfxe1 Kxe7 16. Bxc6 Bd7 17. Ba3+ Ke8 18. Bxa8 Rxa8 19. Bb2 Bc6 20. b4 a6 21. a4 Nh5 22. Bxg7 Nxg7 23. b5 axb5 24. cxb5 Bd7 25. Reb1 Nf5 26. b6 Nd6 27. b7 Rb8 28. a5 Nb5 29. a6 Na7 30. Rb6 Kd8 31. Rd1 Kc7 32. Rbd6 Bb5 33. Rd8 Bxa6 34. R1d7+ Kc6 35. Rd6+ Kxb7 36. Rxb8+ Kxb8 37. Rxa6 Kb7 38. Rd6 Kc7 39. Rd2 Nc6 40. Kg2 f5 41. f4 Ne7 42. Kf3 Nd5 43. e4 Nf6 44. Rc2+ Kd7 45. e5 Ne4 46. Ra2 g5 47. Ra7+ Kc6 48. Rxh7 g4+ 49. Kg2 Kd5 50. Rd7+ Kc4 51. h4 gxh3+ 52. Kxh3 Kc5 53. Kh4 Kc6 54. Rd8 Kc7 55. Rd4 Kc6 56. g4 Kc5 57. Rd8 fxg4 58. Kxg4 Kc6 59. Rd4 Nc5 60. Kg5 Kc7 61. Rc4 1-0

[Event "64.Camp. Veneto Quarti di Finale"]
[Site "Arquà Petrarca ITA"]
[Date "2004.05.08"]
[Round "1.19"]
[White "Bettella, Michele"]
[Black "Lorusso, Giuseppe"]
[Result "0-1"]
[WhiteElo "1682"]
[BlackElo "1987"]
[Annotator "Gabriele Ballarin"]
[PlyCount "108"]
[EventDate "2004.05.08"]
[EventType "swiss"]
[EventRounds "6"]
[EventCountry "ITA"]

1. e4 c5 2. Nf3 Nc6 3. d4 cxd4 4. Nxd4 Nf6 5. Nc3 d6 6. Be3 e6 7. f3 Be7 8. Qd2 O-O 9. O-O-O d5 10. exd5 Nxd5 11. Nxc6 bxc6 12. Nxd5 cxd5 13. Kb1 a5 14. Qf2 Qc7 15. Bb6 Qc6 16. Rd3 Bf6 17. Ra3 a4 18. Bd4 e5 19. Rc3 Qb7 20. Bc5 Rd8 21. Ba3 Bd7 22. Rc5 Bc6 23. Bd3 Rdb8 24. c3 Be7 25. Re1 Bxc5 26. Qxc5 f6 27. g4 Bb5 28. Bc2 Rc8 29. Qe3 Rab8 30. h4 Bd7 31. g5 Qc6 32. gxf6 Qxc3 33. Qxc3 Rxc3 34. Kc1 Rxf3 35. fxg7 Bf5 36. Bxf5 Rxf5 37. Bd6 Rc8+ 38. Kb1 e4 39. Rc1 Rxc1+ 40. Kxc1 Kxg7 41. Kd2 Rf2+ 42. Kc3 Rf3+ 43. Kd2 Kf7 44. Be5 Ke6 45. Bc3 Kf5 46. b3 d4 47. Bxd4 Rd3+ 48. Ke2 Rxd4 49. Ke3 Ke5 50. Kf2 Kf4 51. Ke2 axb3 52. axb3 e3 53. Ke1 Kf3 54. Kf1 Rd1# 0-1

[Event "64.Camp. Veneto Quarti di Finale"]
[Site "Arquà Petrarca ITA"]
[Date "2004.05.08"]
[Round "1.20"]
[White "Xia, Jie"]
[Black "Pomaro, Alberto"]
[Result "1-0"]
[WhiteElo "1985"]
[BlackElo "1670"]
[Annotator "Gabriele Ballarin"]
[PlyCount "53"]
[EventDate "2004.05.08"]
[EventType "swiss"]
[EventRounds "6"]
[EventCountry "ITA"]

1. e4 e6 2. d4 d5 3. e5 c5 4. c3 Nc6 5. Nf3 Qb6 6. Bd3 Bd7 7. O-O cxd4 8. cxd4 Nxd4 9. Nxd4 Qxd4 10. Nc3 Bb4 11. Nb5 Qb6 12. Be3 Qa5 13. Qg4 Ne7 14. a3 Bc5 15. b4 $1 Qa4 16. Nc7+ Kd8 17. Nxa8 Bxe3 18. fxe3 Be8 19. Rfc1 Qb3 20. Qe2 Bc6 21. b5 Kd7 22. Rab1 Qxa3 23. bxc6+ Nxc6 24. Rxb7+ Kc8 25. Rc7+ Kb8 26. R7xc6 Kxa8 27. Qc2 1-0

[Event "64.Camp. Veneto Quarti di Finale"]
[Site "Arquà Petrarca ITA"]
[Date "2004.05.08"]
[Round "1.21"]
[White "Drezzadore, Dario"]
[Black "Faccia, Sergio"]
[Result "1/2-1/2"]
[WhiteElo "1667"]
[BlackElo "1980"]
[Annotator "Gabriele Ballarin"]
[PlyCount "54"]
[EventDate "2004.05.08"]
[EventType "swiss"]
[EventRounds "6"]
[EventCountry "ITA"]

1. e4 e5 2. Nf3 Nc6 3. d4 exd4 4. Bc4 Nf6 5. O-O Bc5 6. e5 Ng4 7. h3 Ngxe5 8. Nxe5 Nxe5 9. Re1 d6 10. f4 d3+ 11. Kh1 Qh4 12. fxe5 dxc2 13. exd6+ Be6 14. Qe2 O-O 15. Bxe6 cxb1=Q 16. Rxb1 fxe6 17. Qxe6+ Kh8 18. d7 Rad8 19. Bd2 {=} Qf2 20. Bc3 Bd6 21. Be5 Bxe5 {=} 22. Rxe5 h6 23. Rbe1 Kh7 24. Qg4 Rf7 25. Qe4+ g6 26. Qd5 Rdxd7 27. Qxb7 Qb6 1/2-1/2

[Event "64.Camp. Veneto Quarti di Finale"]
[Site "Arquà Petrarca ITA"]
[Date "2004.05.08"]
[Round "1.22"]
[White "Cardili, Mariano"]
[Black "Bozzao, Francesco"]
[Result "1-0"]
[WhiteElo "1971"]
[BlackElo "1646"]
[Annotator "Gabriele Ballarin"]
[PlyCount "76"]
[EventDate "2004.05.08"]
[EventType "swiss"]
[EventRounds "6"]
[EventCountry "ITA"]

1. d4 Nf6 2. c4 e6 3. Nc3 b6 4. Bg5 Bb7 5. Nf3 d5 6. cxd5 exd5 7. e3 Be7 8. Bd3 O-O 9. O-O Re8 10. Ne5 Ne4 11. Bxe7 Rxe7 12. Qh5 Nf6 13. Qh4 Nbd7 14. f4 c5 15. Rac1 cxd4 16. exd4 Nf8 17. f5 Rc8 18. Kh1 h6 19. Rce1 N8h7 20. Re3 a6 21. Rfe1 Qd6 22. a3 b5 23. Bb1 Rec7 24. h3 Ng5 25. Rg3 Re7 26. Rge3 Rec7 27. Nd3 Ba8 28. Nc5 Ngh7 29. b4 Nf8 30. Rg3 Kh8 31. Rge3 N8h7 32. R1e2 Kg8 33. Qe1 Kf8 34. Re5 Ng5 35. Qd2 Re8 36. Rxe8+ Nxe8 37. Qe1 Nf6 38. Bd3 Qf4 1-0

[Event "64.Camp. Veneto Quarti di Finale"]
[Site "Arquà Petrarca ITA"]
[Date "2004.05.08"]
[Round "1.23"]
[White "Battiston, Gianfranco"]
[Black "Belloni, Umberto"]
[Result "0-1"]
[WhiteElo "1628"]
[BlackElo "1968"]
[Annotator "Gabriele Ballarin"]
[PlyCount "86"]
[EventDate "2004.05.08"]
[EventType "swiss"]
[EventRounds "6"]
[EventCountry "ITA"]

1. e4 e6 2. d4 d5 3. exd5 exd5 4. Nf3 Nf6 5. Bg5 h6 6. Bh4 Bd6 7. Nc3 c6 8. Be2 Qc7 9. Bxf6 gxf6 10. g3 Bh3 11. Qd3 Na6 12. a3 O-O-O 13. O-O-O Rde8 14. Nh4 Qd7 15. Rhg1 Be6 16. Qf3 Qd8 17. Bd3 Nc7 18. Na4 b6 19. Bf1 f5 20. Nxf5 Qg5+ 21. Ne3 h5 22. h4 Qh6 23. Rd2 Bg4 24. Qh1 f5 25. Bd3 Rxe3 26. fxe3 Qxe3 27. Re1 Qxg3 28. Kb1 Qf4 29. Qg2 Kb8 30. Nc3 Qh6 31. Rf2 f4 32. Be2 Rg8 33. Bf3 Qf6 34. Nxd5 cxd5 35. Bxd5 Rf8 36. Bf3 Qxh4 37. Rh1 Qf6 38. Bxg4 hxg4 39. Qxg4 Qxd4 40. Rd1 Qxf2 41. Rxd6 Qc5 42. Rd1 f3 43. Rf1 f2 {Nur} 0-1

[Event "64.Camp. Veneto Quarti di Finale"]
[Site "Arquà Petrarca ITA"]
[Date "2004.05.08"]
[Round "1.24"]
[White "Zarpellon, Daniel"]
[Black "Barbetta, Cosimo"]
[Result "1-0"]
[WhiteElo "1940"]
[BlackElo "1625"]
[Annotator "Gabriele Ballarin"]
[PlyCount "124"]
[EventDate "2004.05.08"]
[EventType "swiss"]
[EventRounds "6"]
[EventCountry "ITA"]

1. Nf3 c5 2. e4 Nc6 3. d4 cxd4 4. Nxd4 e6 5. Bc4 a6 6. O-O Nf6 7. Nc3 Bc5 8. Nxc6 bxc6 9. Bg5 h6 10. Bh4 Be7 11. e5 Nh7 12. Bxe7 Qxe7 13. Ne4 O-O 14. Nd6 f6 15. f4 a5 16. Qe2 a4 17. b4 Qd8 18. Kh1 Qb6 19. a3 Ba6 20. Bxa6 Qxa6 21. Qxa6 Rxa6 22. c4 fxe5 23. fxe5 Ng5 24. Rxf8+ Kxf8 25. Rf1+ Kg8 26. b5 cxb5 27. cxb5 Rb6 28. Rf4 Rb8 29. Rxa4 Nf7 30. Nxf7 Rxb5 31. Nxh6+ gxh6 32. Kg1 Rxe5 33. Rd4 Ra5 34. Rxd7 Rxa3 35. Re7 Ra6 36. Kf2 Kf8 37. Rh7 e5 38. Rd7 Re6 39. Ke3 Ke8 40. Rb7 Re7 41. Rb6 Rg7 42. g3 Rh7 43. Re6+ Kd7 44. Rxe5 Re7 45. Kf4 Rxe5 46. Kxe5 Ke7 47. g4 Kf7 48. Kf5 Kg7 49. h4 Kf7 50. h5 Kg7 51. Ke6 Kg8 52. Kf6 Kh7 53. Kf7 Kh8 54. Kg6 Kg8 55. Kxh6 Kh8 56. Kg6 Kg8 57. Kf6 Kh7 58. g5 Kg8 59. g6 Kh8 60. h6 Kg8 61. g7 Kh7 62. Kf7 Kxh6 1-0

[Event "64.Camp. Veneto Quarti di Finale"]
[Site "Arquà Petrarca ITA"]
[Date "2004.05.08"]
[Round "1.25"]
[White "Biagioli, Valerio"]
[Black "Bettera, Roberto"]
[Result "0-1"]
[WhiteElo "1625"]
[BlackElo "1919"]
[Annotator "Roberto Bettera"]
[PlyCount "74"]
[EventDate "2004.05.08"]
[EventType "swiss"]
[EventRounds "6"]
[EventCountry "ITA"]

1. d4 Nf6 2. c4 c5 3. d5 e6 4. Nc3 exd5 5. Nxd5 Nxd5 6. cxd5 d6 7. e4 g6 8. Bb5+ Nd7 9. Ne2 Bg7 10. O-O O-O 11. Rb1 a6 12. Ba4 b5 13. Bc2 Qe7 14. Bf4 Ne5 15. b3 Bd7 16. Qd2 Rae8 17. Bg5 f6 18. Bf4 f5 19. Bg5 Qf7 20. f4 Ng4 21. h3 Nf6 22. exf5 gxf5 23. Rbd1 h6 24. Bh4 Qh5 25. Bxf6 Rxe2 26. g4 Rxd2 27. gxh5 Rxd1 28. Rxd1 Bxf6 29. Kf2 Kf7 30. Kf3 Bd4 31. b4 Kf6 32. Rd3 Re8 33. Bd1 Bc8 34. a4 Bb7 35. bxc5 Bxd5+ 36. Kg3 Rg8+ 37. Bg4 dxc5 0-1

[Event "64.Camp. Veneto Quarti di Finale"]
[Site "Arquà Petrarca ITA"]
[Date "2004.05.08"]
[Round "1.26"]
[White "Rossi, Gianni"]
[Black "Crivellaro, Luca"]
[Result "1-0"]
[WhiteElo "1915"]
[BlackElo "1625"]
[Annotator "Gabriele Ballarin"]
[PlyCount "45"]
[EventDate "2004.05.08"]
[EventType "swiss"]
[EventRounds "6"]
[EventCountry "ITA"]

1. d4 d5 2. e4 dxe4 3. Nc3 Nf6 4. f3 exf3 5. Nxf3 Nd5 6. Bd3 Nc6 7. O-O e6 8. Kh1 Be7 9. Ne4 b6 10. c3 Bb7 11. Nfg5 Nf6 12. Qe1 h6 13. Nxf6+ gxf6 14. Nxe6 fxe6 15. Qxe6 Qd5 16. Bg6+ Kf8 17. Qxd5 Nd8 18. Qh5 Kg7 19. Bd2 Bc6 20. Rae1 Bd6 21. Qg4 Rg8 22. Qf5 Rf8 23. Bxh6+ 1-0

[Event "64.Camp. Veneto Quarti di Finale"]
[Site "Arquà Petrarca ITA"]
[Date "2004.05.08"]
[Round "1.27"]
[White "Palumbo, Giuseppe"]
[Black "Maniero, Riccardo"]
[Result "0-1"]
[WhiteElo "1610"]
[BlackElo "1874"]
[Annotator "Gabriele Ballarin"]
[PlyCount "60"]
[EventDate "2004.05.08"]
[EventType "swiss"]
[EventRounds "6"]
[EventCountry "ITA"]

1. e4 Nc6 2. d4 d5 3. e5 Bf5 4. Be3 e6 5. a3 f6 6. f4 Nh6 7. h3 Qd7 8. Bd3 Bxd3 9. Qxd3 Nf5 10. Bf2 h5 11. Nf3 O-O-O 12. Nbd2 Kb8 13. b4 Nce7 14. Nb3 Nc8 15. O-O Nb6 16. Nfd2 Qf7 17. Nc5 g5 18. fxg5 fxg5 19. Be3 Qg8 20. Bxg5 Bxc5 21. bxc5 Qxg5 22. cxb6 cxb6 23. Nf3 Qh6 24. Nd2 Rhg8 25. Rf2 Rg6 26. Raf1 Rdg8 27. c3 Qg7 28. Qf3 Rg3 29. Qe2 Ne3 30. Re1 Nxg2 0-1

[Event "64.Camp. Veneto Quarti di Finale"]
[Site "Arquà Petrarca ITA"]
[Date "2004.05.08"]
[Round "1.28"]
[White "Demiraj, Rumi"]
[Black "Biagioli, Marco Fabrizio"]
[Result "1-0"]
[WhiteElo "1871"]
[BlackElo "1440"]
[Annotator "Gabriele Ballarin"]
[PlyCount "69"]
[EventDate "2004.05.08"]
[EventType "swiss"]
[EventRounds "6"]
[EventCountry "ITA"]

1. e4 e6 2. d3 d5 3. Nd2 c5 4. g3 Nf6 5. Bg2 Be7 6. Ne2 O-O 7. O-O Nc6 8. c3 d4 9. Qc2 e5 10. h3 Be6 11. c4 Qd7 12. Kh2 Nb4 13. Qb1 Rab8 14. a3 Nc6 15. Qc2 b5 16. b3 Ne8 17. f4 f5 18. exf5 Rxf5 19. g4 Rf8 20. f5 Bf7 21. Ne4 bxc4 22. bxc4 Na5 23. N2g3 Bh4 24. Nxc5 Qc7 25. Na6 Qd6 26. Nxb8 Bxg3+ 27. Kxg3 e4+ 28. Bf4 exd3 29. Bxd6 dxc2 30. Bxf8 Nb3 31. Be7 Nxa1 32. Rxa1 d3 33. Bb4 Nc7 34. Kf2 Bxc4 35. Ke3 1-0

[Event "64.Camp. Veneto Quarti di Finale"]
[Site "Arquà Petrarca ITA"]
[Date "2004.05.08"]
[Round "1.29"]
[White "Chiodini, Sebastiano"]
[Black "Nagliati, Paolo"]
[Result "0-1"]
[WhiteElo "1440"]
[BlackElo "1829"]
[Annotator "Gabriele Ballarin"]
[PlyCount "88"]
[EventDate "2004.05.08"]
[EventType "swiss"]
[EventRounds "6"]
[EventCountry "ITA"]

1. e4 d5 2. exd5 Nf6 3. Bb5+ Bd7 4. Bxd7+ Qxd7 5. Nc3 Nxd5 6. Nxd5 Qxd5 7. Qf3 Qe5+ 8. Ne2 Nc6 9. O-O e6 10. d4 Qf6 11. Qxf6 gxf6 12. Bf4 O-O-O 13. c3 Rg8 14. Rad1 h5 15. c4 Ne7 16. Nc3 Nf5 17. d5 Rg4 18. g3 e5 19. Bc1 Rxc4 20. Rd3 Bg7 21. b3 Rd4 22. Rf3 Ne7 23. Ba3 Nxd5 24. Nxd5 R8xd5 25. Be7 Rd3 26. Rf5 e4 27. Rxd5 Rxd5 28. Re1 f5 29. Re3 Bd4 30. Re2 Kd7 31. Bg5 c5 32. Kg2 b5 33. f3 e3 34. Bxe3 Re5 35. Kf2 Rxe3 36. Rxe3 Kd6 37. Ke2 Bxe3 38. Kxe3 Ke5 39. h3 f4+ 40. gxf4+ Kf5 41. a3 h4 42. a4 a6 43. a5 f6 44. Kd3 Kxf4 {0-1 Chiodini,S-Nagliati,P (1820)/Arquà Petrarca ITA 2004} 0-1

[Event "64.Camp. Veneto Quarti di Finale"]
[Site "Arquà Petrarca ITA"]
[Date "2004.05.08"]
[Round "1.30"]
[White "Casciello, Dimitri"]
[Black "Scarabello, Luca"]
[Result "1-0"]
[WhiteElo "1820"]
[BlackElo "1440"]
[Annotator "Gabriele Ballarin"]
[PlyCount "53"]
[EventDate "2004.05.08"]
[EventType "swiss"]
[EventRounds "6"]
[EventCountry "ITA"]

1. e4 e5 2. Nf3 Nc6 3. Bb5 Nf6 4. O-O a6 5. Bxc6 dxc6 6. Nxe5 Bd6 7. Nf3 Bg4 8. d3 O-O 9. Bg5 Be7 10. Nbd2 Nd7 11. Bxe7 Qxe7 12. h3 Be6 13. c3 Qf6 14. d4 Qg6 15. Kh2 Rfe8 16. Re1 f6 17. b3 f5 18. e5 b5 19. c4 Nb6 20. Rc1 Bd7 21. Qc2 Re6 22. Qd3 f4 23. Qxg6 Rxg6 24. Ne4 Bf5 25. Nc5 Be6 26. Nd2 f3 27. Nxf3 {Nur} 1-0

[Event "64.Camp. Veneto Quarti di Finale"]
[Site "Arquà Petrarca ITA"]
[Date "2004.05.08"]
[Round "1.31"]
[White "Scarangella, Luca"]
[Black "Valentini, Paola"]
[Result "0-1"]
[WhiteElo "1440"]
[BlackElo "1808"]
[Annotator "Gabriele Ballarin"]
[PlyCount "78"]
[EventDate "2004.05.08"]
[EventType "swiss"]
[EventRounds "6"]
[EventCountry "ITA"]

1. d4 Nf6 2. c4 e6 3. Nf3 b6 4. Nc3 Bb4 5. Bd2 Bb7 6. e3 O-O 7. Bd3 d6 8. O-O Nbd7 9. Nb5 Bxd2 10. Qxd2 Bxf3 11. gxf3 e5 12. Be4 Nxe4 13. fxe4 f5 14. f3 a6 15. Nc3 Qg5+ 16. Kh1 exd4 17. Nd5 dxe3 18. Qxe3 Qxe3 19. Nxe3 fxe4 20. fxe4 Rxf1+ 21. Rxf1 Nf6 22. Nd5 Nxd5 23. exd5 Re8 24. Rf2 Re4 25. b3 h6 26. Kg2 g5 27. Kg3 Kg7 28. Rf3 Re2 29. a4 a5 30. h4 gxh4+ 31. Kxh4 Re5 32. Kg4 Kg6 33. Kh4 Re4+ 34. Kg3 h5 35. Kh3 Kg5 36. b4 axb4 37. Rg3+ Rg4 38. Rb3 Rxc4 39. Rg3+ Kf5 0-1

[Event "64.Camp. Veneto Quarti di Finale"]
[Site "Arquà Petrarca ITA"]
[Date "2004.05.08"]
[Round "1.32"]
[White "Velluti, Alberto"]
[Black "Tresin, Ardilio"]
[Result "1-0"]
[WhiteElo "1802"]
[BlackElo "1337"]
[Annotator "Gabriele Ballarin"]
[PlyCount "63"]
[EventDate "2004.05.08"]
[EventType "swiss"]
[EventRounds "6"]
[EventCountry "ITA"]

1. e4 c5 2. Nf3 d6 3. d4 cxd4 4. Nxd4 Nf6 5. Nc3 g6 6. f4 e6 7. Bd3 Bg7 8. Be3 O-O 9. O-O Bd7 10. Ndb5 Bxb5 11. Bxb5 a6 12. Bd3 Nc6 13. a3 Rc8 14. Qf3 Qd7 15. Rad1 Qc7 16. h3 Na5 17. Na4 Nc6 18. c4 Nd7 19. b4 Bd4 20. Kh1 Bxe3 21. Qxe3 Rfd8 22. f5 Nce5 23. f6 Nxf6 24. Rxf6 Nxd3 25. Qxd3 Qxc4 26. Qf3 Rc7 27. Rf1 e5 28. Nb6 Qa2 29. Nd5 Rcd7 30. Rxf7 Rxf7 31. Qxf7+ Kh8 32. Qf6+ 1-0

[Event "64.Camp. Veneto Quarti di Finale"]
[Site "Arquà Petrarca ITA"]
[Date "2004.05.09"]
[Round "2.1"]
[White "Cacco, Christian"]
[Black "Xia, Jie"]
[Result "1-0"]
[WhiteElo "2319"]
[BlackElo "1985"]
[Annotator "Gabriele Ballarin"]
[PlyCount "53"]
[EventDate "2004.05.08"]
[EventType "swiss"]
[EventRounds "6"]
[EventCountry "ITA"]
[SourceTitle "Inf 22"]

1. d4 Nf6 2. Nf3 g6 3. b4 d5 4. Bf4 Bg7 5. h3 c6 6. Nbd2 Nbd7 7. e3 O-O 8. Bd3 Re8 9. Bh2 h6 10. O-O Nh7 11. c4 e5 12. cxd5 cxd5 13. dxe5 Nxe5 14. Nxe5 Bxe5 15. Bxe5 Rxe5 16. Nf3 Rh5 17. Be2 Ng5 18. Qd2 Bxh3 19. gxh3 Nxh3+ 20. Kg2 Qc8 21. Ng1 Rg5+ 22. Kh2 Rxg1 23. Rxg1 Nxf2 24. Kg2 Qf5 25. Raf1 Ne4 26. Rxf5 Nxd2 27. Rxd5 1-0

[Event "64.Camp. Veneto Quarti di Finale"]
[Site "Arquà Petrarca ITA"]
[Date "2004.05.09"]
[Round "2.2"]
[White "Lorusso, Giuseppe"]
[Black "Lain, Luigi"]
[Result "1/2-1/2"]
[WhiteElo "1987"]
[BlackElo "2235"]
[Annotator "Gabriele Ballarin"]
[PlyCount "63"]
[EventDate "2004.05.08"]
[EventType "swiss"]
[EventRounds "6"]
[EventCountry "ITA"]

1. d4 d5 2. c4 e6 3. Nc3 Nf6 4. Bg5 Nbd7 5. e3 Be7 6. Nf3 O-O 7. Rc1 dxc4 8. Bxc4 b6 9. O-O Bb7 10. Qe2 h6 11. Bh4 Ne4 12. Bxe7 Qxe7 13. Bd3 Nxc3 14. Rxc3 c5 15. Ne5 Nxe5 16. dxe5 a6 17. Bb1 g6 18. f4 Rfd8 19. e4 Kg7 20. f5 Qc7 21. fxg6 fxg6 22. Qf2 Rf8 23. Rf3 Rxf3 24. Qxf3 Qe7 25. Qf6+ Qxf6 26. exf6+ Kf7 27. e5 Rd8 28. Bc2 Rd2 29. Rf2 Rd5 30. Re2 a5 31. Bb3 Rd4 32. Kf2 1/2-1/2

[Event "64.Camp. Veneto Quarti di Finale"]
[Site "Arquà Petrarca ITA"]
[Date "2004.05.09"]
[Round "2.3"]
[White "Belloni, Umberto"]
[Black "Ventura, Boris"]
[Result "0-1"]
[WhiteElo "1968"]
[BlackElo "2186"]
[Annotator "Gabriele Ballarin"]
[PlyCount "86"]
[EventDate "2004.05.08"]
[EventType "swiss"]
[EventRounds "6"]
[EventCountry "ITA"]

1. e4 c5 2. Nf3 e6 3. d3 Nc6 4. h3 g6 5. Be2 Bg7 6. O-O Nge7 7. c3 d5 8. Re1 O-O 9. Bf1 Qc7 10. Bg5 h6 11. Bh4 f5 12. Bxe7 Nxe7 13. e5 d4 14. cxd4 cxd4 15. Nbd2 Nc6 16. Rc1 Qb8 17. Rc5 Bd7 18. Qb3 Rc8 19. Nc4 b6 20. Rxc6 Bxc6 21. Nd6 Bd5 22. Qa4 Rd8 23. Nb5 Bxf3 24. gxf3 Bxe5 25. f4 a6 26. Rxe5 axb5 27. Qb3 Re8 28. Rxe6 Kg7 29. Qd5 Rxe6 30. Qxe6 Qe8 31. Qxb6 Rd8 32. Qb7+ Kh8 33. Qb6 h5 34. Be2 Kg7 35. Bf3 Kh6 36. Qf6 Qf8 37. Qb6 b4 38. a3 bxa3 39. bxa3 Qd6 40. Qxd6 Rxd6 41. a4 Ra6 42. Bd1 Kg7 43. h4 Kf6 0-1